[Event "WCO2014"]
[Site "Tromso"]
[Date "2014.08.09"]
[Round "7.20"]
[WhiteID "14609215"]
[White "Unuk Laura"]
[BlackID "2401207"]
[Black "Groves Carey"]
[Result "1-0"]
[LiveChessVersion "1.4.3"]
[BlackElo "2027"]
[WhiteElo "2221"]

1. d4 {[%clk 1:30:49]} Nf6 {[%clk 1:30:46]} 2. c4 {[%clk 1:30:30]} c5
{[%clk 1:30:45]} 3. d5 {[%clk 1:30:03]} b5 {[%clk 1:30:44]} 4. cxb5
{[%clk 1:30:11]} a6 {[%clk 1:31:08]} 5. bxa6 {[%clk 1:30:20]} Bxa6
{[%clk 1:30:52]} 6. Nc3 {[%clk 1:30:23]} d6 {[%clk 1:30:07]} 7. g3
{[%clk 1:29:40]} g6 {[%clk 1:29:54]} 8. e4 {[%clk 1:27:58]} Bxf1 {[%clk 1:26:51]}
9. Kxf1 {[%clk 1:28:20]} Bg7 {[%clk 1:25:56]} 10. Kg2 {[%clk 1:28:25]} Qb6
{[%clk 1:24:48]} 11. Nf3 {[%clk 1:27:02]} Nfd7 {[%clk 1:19:14]} 12. a4
{[%clk 1:18:45]} O-O {[%clk 1:17:28]} 13. Qe2 {[%clk 1:17:16]} Na6
{[%clk 1:13:52]} 14. Bg5 {[%clk 1:10:56]} Rfe8 {[%clk 1:01:37]} 15. h4
{[%clk 1:07:40]} e6 {[%clk 0:57:12]} 16. Rad1 {[%clk 0:59:02]} Nc7
{[%clk 0:51:21]} 17. dxe6 {[%clk 0:51:07]} Rxe6 {[%clk 0:46:46]} 18. h5
{[%clk 0:46:25]} Bxc3 {[%clk 0:41:29]} 19. bxc3 {[%clk 0:45:58]} Rxa4
{[%clk 0:41:25]} 20. hxg6 {[%clk 0:43:49]} fxg6 {[%clk 0:36:33]} 21. c4
{[%clk 0:33:31]} Nf8 {[%clk 0:27:29]} 22. Bh6 {[%clk 0:28:42]} Re7
{[%clk 0:26:16]} 23. Ng5 {[%clk 0:17:09]} Nce6 {[%clk 0:25:05]} 24. Qf3
{[%clk 0:17:14]} Qd8 {[%clk 0:17:18]} 25. e5 {[%clk 0:15:25]} Rd7
{[%clk 0:14:38]} 26. Ne4 {[%clk 0:12:55]} Rf7 {[%clk 0:10:12]} 27. Nf6+
{[%clk 0:12:12]} Rxf6 {[%clk 0:08:27]} 28. exf6 {[%clk 0:12:20]} Kf7
{[%clk 0:07:58]} 29. Bxf8 {[%clk 0:04:24]} Nxf8 {[%clk 0:08:19]} 30. Qd5+
{[%clk 0:04:46]} Kxf6 {[%clk 0:07:36]} 31. Qc6 {[%clk 0:05:09]} Qa8
{[%clk 0:06:37]} 32. Rxd6+ {[%clk 0:05:29]} Kg7 {[%clk 0:06:13]} 33. Qxa8
{[%clk 0:05:43]} Rxa8 {[%clk 0:06:38]} 34. Rb1 {[%clk 0:06:01]} Re8
{[%clk 0:05:33]} 35. Rb7+ {[%clk 0:05:45]} Kg8 {[%clk 0:05:05]} 36. Rc6
{[%clk 0:04:38]} Ne6 {[%clk 0:05:21]} 37. Ra7 {[%clk 0:04:39]} g5
{[%clk 0:04:02]} 38. Rd7 {[%clk 0:02:53]} h6 {[%clk 0:03:04]} 39. Ra7
{[%clk 0:00:58]} g4 {[%clk 0:02:23]} 40. Rca6 {[%clk 0:00:34]} h5
{[%clk 0:01:29]} 41. Ra8 {[%clk 0:24:40]} Rxa8 {[%clk 0:31:04]} 42. Rxa8+
{[%clk 0:23:24]} Kf7 {[%clk 0:29:28]} 43. Ra7+ {[%clk 0:23:30]} Kf6
{[%clk 0:29:12]} 44. Rd7 {[%clk 0:23:24]} Kg6 {[%clk 0:25:42]} 45. f3
{[%clk 0:21:46]} gxf3+ {[%clk 0:23:48]} 46. Kxf3 {[%clk 0:21:53]} Kf6
{[%clk 0:20:49]} 47. Rd5 {[%clk 0:21:20]} Kg6 {[%clk 0:20:02]} 48. Ke3
{[%clk 0:20:59]} 1-0

[Event "WCO2014"]
[Site "Tromso"]
[Date "2014.08.09"]
[Round "7.13"]
[WhiteID "13800221"]
[White "Samaganova Alexandra"]
[BlackID "933988"]
[Black "Milovic Aleksandra"]
[Result "0-1"]
[LiveChessVersion "1.4.3"]
[BlackElo "2170"]
[WhiteElo "2012"]

1. c4 {[%clk 1:30:56]} e5 {[%clk 1:30:45]} 2. e3 {[%clk 1:30:14]} Nc6
{[%clk 1:30:52]} 3. a3 {[%clk 1:29:16]} g6 {[%clk 1:31:00]} 4. Nc3
{[%clk 1:28:46]} Bg7 {[%clk 1:30:52]} 5. g3 {[%clk 1:25:55]} f5 {[%clk 1:29:36]}
6. Bg2 {[%clk 1:25:44]} Nf6 {[%clk 1:29:38]} 7. d3 {[%clk 1:19:29]} O-O
{[%clk 1:27:36]} 8. Nge2 {[%clk 1:17:59]} Ne7 {[%clk 1:22:49]} 9. d4
{[%clk 1:06:29]} d6 {[%clk 1:13:26]} 10. b4 {[%clk 1:00:44]} c6 {[%clk 1:09:26]}
11. d5 {[%clk 0:49:18]} cxd5 {[%clk 1:07:20]} 12. Nxd5 {[%clk 0:46:04]} Nexd5
{[%clk 0:56:17]} 13. cxd5 {[%clk 0:38:36]} Bd7 {[%clk 0:53:46]} 14. a4
{[%clk 0:32:03]} Be8 {[%clk 0:50:46]} 15. O-O {[%clk 0:26:56]} Bf7
{[%clk 0:49:26]} 16. Bb2 {[%clk 0:24:12]} Rc8 {[%clk 0:48:32]} 17. Qb3
{[%clk 0:23:24]} e4 {[%clk 0:43:15]} 18. Bxf6 {[%clk 0:19:42]} Bxf6
{[%clk 0:43:26]} 19. Rac1 {[%clk 0:19:14]} Qe7 {[%clk 0:40:05]} 20. Rfd1
{[%clk 0:14:06]} Qe5 {[%clk 0:36:07]} 21. Nf4 {[%clk 0:08:32]} Qb2
{[%clk 0:32:35]} 22. Qxb2 {[%clk 0:05:39]} Bxb2 {[%clk 0:32:38]} 23. Rb1
{[%clk 0:05:59]} Rc2 {[%clk 0:32:24]} 24. Bf1 {[%clk 0:05:31]} Rfc8
{[%clk 0:30:07]} 25. h4 {[%clk 0:04:12]} Kg7 {[%clk 0:29:47]} 26. a5
{[%clk 0:01:27]} Kf6 {[%clk 0:29:05]} 27. Bb5 {[%clk 0:01:05]} Rc1
{[%clk 0:20:41]} 28. a6 {[%clk 0:00:44]} Rxd1+ {[%clk 0:17:22]} 29. Rxd1
{[%clk 0:01:13]} Rb8 {[%clk 0:16:34]} 30. axb7 {[%clk 0:00:37]} Rxb7
{[%clk 0:16:59]} 31. Bc6 {[%clk 0:00:37]} Rxb4 {[%clk 0:17:02]} 32. Ne2
{[%clk 0:00:35]} Ke5 {[%clk 0:15:51]} 33. Kg2 {[%clk 0:00:38]} a5
{[%clk 0:16:12]} 34. f3 {[%clk 0:00:35]} exf3+ {[%clk 0:16:16]} 35. Kxf3
{[%clk 0:00:51]} Kf6 {[%clk 0:08:59]} 36. Nf4 {[%clk 0:01:04]} Be5
{[%clk 0:08:14]} 37. Nd3 {[%clk 0:01:03]} Rb6 {[%clk 0:06:42]} 38. g4
{[%clk 0:01:05]} fxg4+ {[%clk 0:06:05]} 39. Kxg4 {[%clk 0:01:32]} h5+
{[%clk 0:04:54]} 40. Kh3 {[%clk 0:00:39]} Bc3 {[%clk 0:03:30]} 41. e4
{[%clk 0:21:31]} Ke7 {[%clk 0:29:55]} 42. e5 {[%clk 0:07:14]} Bxe5
{[%clk 0:28:25]} 43. Nxe5 {[%clk 0:04:09]} dxe5 {[%clk 0:28:47]} 44. d6+
{[%clk 0:04:19]} Kd8 {[%clk 0:29:02]} 45. Ba4 {[%clk 0:03:39]} Rb4
{[%clk 0:25:52]} 46. Bc2 {[%clk 0:00:54]} Bb3 {[%clk 0:25:20]} 47. Bxb3
{[%clk 0:00:36]} Rxb3+ {[%clk 0:25:43]} 48. Kg2 {[%clk 0:01:00]} Kd7
{[%clk 0:25:40]} 49. Rd5 {[%clk 0:00:42]} a4 {[%clk 0:22:26]} 50. Rxe5
{[%clk 0:00:48]} a3 {[%clk 0:22:51]} 51. Ra5 {[%clk 0:00:36]} Kxd6
{[%clk 0:20:52]} 52. Rg5 {[%clk 0:00:35]} Kc6 {[%clk 0:17:13]} 53. Rxg6+
{[%clk 0:00:46]} Kb5 {[%clk 0:17:16]} 54. Rg8 {[%clk 0:00:36]} Kb4
{[%clk 0:17:33]} 55. Ra8 {[%clk 0:00:34]} Kc3 {[%clk 0:17:39]} 56. Kf3
{[%clk 0:00:35]} Kb2+ {[%clk 0:18:00]} 57. Kf4 {[%clk 0:00:38]} a2
{[%clk 0:18:18]} 58. Kg5 {[%clk 0:00:33]} Rb5+ {[%clk 0:18:27]} 59. Kg6
{[%clk 0:00:52]} a1=Q {[%clk 0:18:48]} 0-1

[Event "WCO2014"]
[Site "Tromso"]
[Date "2014.08.09"]
[Round "7.14"]
[WhiteID "16500270"]
[White "Blagojevic Tijana"]
[BlackID "13800060"]
[Black "Ostry Irina"]
[Result "0-1"]
[LiveChessVersion "1.4.3"]
[BlackElo "2177"]
[WhiteElo "2095"]

1. e4 c6 {[%clk 1:30:52]} 2. d4 {[%clk 1:31:17]} d5 3. e5 {[%clk 1:31:40]} g6
{[%clk 1:31:35]} 4. c4 {[%clk 1:31:56]} Bg7 {[%clk 1:31:47]} 5. Nc3
{[%clk 1:31:22]} Nh6 {[%clk 1:21:36]} 6. h3 {[%clk 1:27:33]} O-O {[%clk 1:21:06]}
7. Nf3 {[%clk 1:27:33]} b6 {[%clk 1:13:58]} 8. Bf4 {[%clk 1:24:13]} f6
{[%clk 1:12:19]} 9. exf6 {[%clk 1:17:38]} exf6 {[%clk 1:12:28]} 10. cxd5
{[%clk 1:13:10]} cxd5 {[%clk 1:12:03]} 11. Be2 {[%clk 1:11:02]} Nf7
{[%clk 1:11:27]} 12. O-O {[%clk 1:10:02]} Nc6 {[%clk 1:09:23]} 13. Qb3
{[%clk 1:02:31]} g5 {[%clk 1:03:28]} 14. Bh2 {[%clk 1:01:03]} Be6
{[%clk 1:01:53]} 15. Rfe1 {[%clk 0:56:46]} Na5 {[%clk 0:59:11]} 16. Qb4
{[%clk 0:49:26]} Bf5 {[%clk 0:48:25]} 17. Ba6 {[%clk 0:46:24]} Bc8
{[%clk 0:28:25]} 18. Bxc8 {[%clk 0:46:01]} Rxc8 {[%clk 0:28:48]} 19. Qb5
{[%clk 0:46:16]} Nc4 {[%clk 0:28:19]} 20. Re2 {[%clk 0:40:54]} h5
{[%clk 0:17:32]} 21. Rc1 {[%clk 0:30:22]} Kh7 {[%clk 0:09:37]} 22. b3
{[%clk 0:29:55]} Na5 {[%clk 0:08:46]} 23. Qd3+ {[%clk 0:27:20]} Kh8
{[%clk 0:05:27]} 24. Rce1 {[%clk 0:22:29]} Nc6 {[%clk 0:05:12]} 25. Qg6
{[%clk 0:16:46]} h4 {[%clk 0:05:09]} 26. Nd1 {[%clk 0:13:52]} Qd7
{[%clk 0:04:23]} 27. Ne3 {[%clk 0:14:00]} Ne7 {[%clk 0:04:30]} 28. Qh5+
{[%clk 0:13:00]} Kg8 {[%clk 0:04:46]} 29. Ng4 {[%clk 0:11:06]} Nf5
{[%clk 0:04:35]} 30. Re6 {[%clk 0:06:39]} Nh8 {[%clk 0:03:45]} 31. g3
{[%clk 0:05:15]} Qf7 {[%clk 0:03:50]} 32. Qxf7+ {[%clk 0:04:04]} Kxf7
{[%clk 0:03:58]} 33. gxh4 gxh4 {[%clk 0:04:19]} 34. R6e2 {[%clk 0:02:21]} Ng6
{[%clk 0:04:27]} 35. Ne3 {[%clk 0:02:16]} Nxe3 {[%clk 0:04:24]} 36. fxe3
{[%clk 0:02:22]} Bh6 {[%clk 0:04:30]} 37. Kf2 {[%clk 0:02:29]} Rfe8
{[%clk 0:04:30]} 38. Bg1 {[%clk 0:01:38]} Rc3 {[%clk 0:04:17]} 39. Kf1
{[%clk 0:01:47]} Re4 {[%clk 0:02:14]} 40. Nd2 {[%clk 0:00:53]} Re7
{[%clk 0:01:38]} 41. Bf2 {[%clk 0:00:47]} Rec7 {[%clk 0:01:07]} 42. Kg2
{[%clk 0:30:07]} Bg5 {[%clk 0:29:07]} 43. Nf3 {[%clk 0:29:33]} Rd3
{[%clk 0:27:41]} 44. Rf1 {[%clk 0:21:23]} Kg7 {[%clk 0:23:00]} 45. Bg1
{[%clk 0:20:08]} Re7 {[%clk 0:21:55]} 46. Nxg5 {[%clk 0:18:25]} fxg5
{[%clk 0:22:13]} 47. Rc2 {[%clk 0:18:11]} g4 {[%clk 0:06:41]} 48. hxg4
{[%clk 0:17:14]} Re4 {[%clk 0:07:04]} 49. Kf3 {[%clk 0:13:43]} Nf4
{[%clk 0:05:20]} 50. Bf2 {[%clk 0:12:10]} Ne6 {[%clk 0:04:53]} 51. Ke2
{[%clk 0:11:14]} Rdxe3+ {[%clk 0:03:50]} 52. Bxe3 {[%clk 0:11:17]} Nxd4+
{[%clk 0:04:15]} 53. Kd2 {[%clk 0:10:33]} Nxc2 {[%clk 0:04:41]} 54. Bg5
{[%clk 0:09:50]} Nb4 {[%clk 0:04:36]} 55. a3 {[%clk 0:09:14]} Nc6
{[%clk 0:04:52]} 56. Bxh4 {[%clk 0:07:16]} Rxg4 {[%clk 0:04:52]} 57. Be1
{[%clk 0:07:14]} Kg6 {[%clk 0:03:10]} 58. Rf8 {[%clk 0:07:03]} Re4
{[%clk 0:03:08]} 59. Bg3 {[%clk 0:06:07]} Na5 {[%clk 0:02:46]} 60. Rf3
{[%clk 0:05:57]} Nc6 {[%clk 0:02:03]} 61. Rf8 {[%clk 0:06:11]} Nd4
{[%clk 0:01:32]} 62. b4 {[%clk 0:06:14]} Nb5 {[%clk 0:01:51]} 63. a4 Na3
{[%clk 0:02:00]} 64. Ra8 {[%clk 0:03:22]} Rxb4 {[%clk 0:01:33]} 65. Rxa7
{[%clk 0:03:48]} Kf5 {[%clk 0:01:37]} 66. Bd6 {[%clk 0:01:09]} Rb3
{[%clk 0:01:28]} 67. Bxa3 {[%clk 0:01:09]} Rxa3 {[%clk 0:01:53]} 68. Rb7
{[%clk 0:01:20]} Ke4 {[%clk 0:01:31]} 69. Rxb6 {[%clk 0:01:40]} Rxa4
{[%clk 0:01:58]} 70. Rh6 {[%clk 0:01:48]} Ra2+ {[%clk 0:01:58]} 71. Kd1
{[%clk 0:02:13]} Kd3 {[%clk 0:02:02]} 72. Rh3+ {[%clk 0:02:39]} Kc4
{[%clk 0:02:29]} 73. Rh8 {[%clk 0:03:01]} d4 {[%clk 0:02:24]} 74. Rh7
{[%clk 0:03:23]} Kc3 {[%clk 0:02:31]} 75. Rh8 {[%clk 0:00:34]} Ra1+
{[%clk 0:02:41]} 76. Ke2 {[%clk 0:01:00]} d3+ {[%clk 0:03:01]} 77. Ke3
{[%clk 0:01:13]} Re1+ {[%clk 0:03:16]} 78. Kf2 {[%clk 0:00:33]} d2
{[%clk 0:03:36]} 0-1

[Event "WCO2014"]
[Site "Tromso"]
[Date "2014.08.09"]
[Round "7.15"]
[WhiteID "13800043"]
[White "Alymbay Kyzy Aizhan"]
[BlackID "931411"]
[Black "Stojanovic Marija R"]
[Result "0-1"]
[LiveChessVersion "1.4.3"]
[BlackElo "2100"]
[WhiteElo "1859"]

1. e4 {[%clk 1:30:58]} c5 {[%clk 1:30:40]} 2. Nf3 {[%clk 1:31:17]} d6
{[%clk 1:30:35]} 3. d4 {[%clk 1:31:40]} cxd4 {[%clk 1:30:59]} 4. Nxd4
{[%clk 1:32:07]} Nf6 {[%clk 1:31:00]} 5. Nc3 {[%clk 1:32:30]} a6 {[%clk 1:30:53]}
6. Be2 {[%clk 1:32:37]} g6 {[%clk 1:30:46]} 7. Bg5 {[%clk 1:27:04]} Bg7
{[%clk 1:29:12]} 8. Qd2 {[%clk 1:23:28]} O-O {[%clk 1:27:55]} 9. O-O
{[%clk 1:22:20]} Nbd7 {[%clk 1:25:42]} 10. Nb3 {[%clk 1:13:15]} b6
{[%clk 1:11:33]} 11. f4 {[%clk 1:05:24]} Bb7 {[%clk 1:06:28]} 12. Bf3
{[%clk 1:05:16]} b5 {[%clk 0:59:04]} 13. Rae1 {[%clk 0:56:31]} Rb8
{[%clk 0:46:03]} 14. Kh1 {[%clk 0:51:00]} Nb6 {[%clk 0:42:13]} 15. f5
{[%clk 0:32:43]} Nc4 {[%clk 0:38:09]} 16. Qc1 {[%clk 0:32:03]} Ne5
{[%clk 0:34:03]} 17. Qf4 {[%clk 0:23:58]} b4 {[%clk 0:28:21]} 18. Nd1
{[%clk 0:17:17]} Rc8 {[%clk 0:26:20]} 19. Nd4 {[%clk 0:14:36]} Qb6
{[%clk 0:24:45]} 20. Qd2 {[%clk 0:13:31]} Nc4 {[%clk 0:16:49]} 21. Qf2
{[%clk 0:09:38]} h6 {[%clk 0:11:34]} 22. Bc1 {[%clk 0:08:29]} Nd7
{[%clk 0:10:50]} 23. c3 {[%clk 0:04:19]} Nc5 {[%clk 0:08:53]} 24. Qe2
{[%clk 0:02:42]} Ne5 {[%clk 0:08:31]} 25. fxg6 {[%clk 0:03:01]} fxg6
{[%clk 0:08:11]} 26. Nf2 {[%clk 0:02:15]} bxc3 {[%clk 0:06:43]} 27. bxc3
{[%clk 0:02:08]} a5 {[%clk 0:06:24]} 28. a4 {[%clk 0:01:42]} Ba6 {[%clk 0:06:03]}
29. Nb5 {[%clk 0:02:05]} Kh7 {[%clk 0:05:01]} 30. Be3 {[%clk 0:01:54]} Qb7
{[%clk 0:04:33]} 31. Rb1 {[%clk 0:01:19]} Nxa4 {[%clk 0:02:52]} 32. Nd1
{[%clk 0:00:47]} Rb8 {[%clk 0:02:24]} 33. c4 {[%clk 0:01:05]} Nxc4
{[%clk 0:02:13]} 34. Qxc4 {[%clk 0:00:51]} Bxb5 {[%clk 0:02:38]} 35. Qxa4
{[%clk 0:01:10]} Bxa4 {[%clk 0:03:00]} 36. Rxb7 {[%clk 0:01:37]} Rxb7
{[%clk 0:03:26]} 37. Nf2 {[%clk 0:01:42]} Bc2 {[%clk 0:03:37]} 38. e5
{[%clk 0:01:16]} Rb1 {[%clk 0:03:41]} 39. Rxb1 {[%clk 0:01:41]} Bxb1
{[%clk 0:04:08]} 40. exd6 {[%clk 0:02:03]} exd6 {[%clk 0:04:33]} 41. Kg1
{[%clk 0:01:50]} a4 {[%clk 0:04:28]} 42. Bc1 {[%clk 0:01:59]} Rc8
{[%clk 0:04:17]} 0-1

[Event "WCO2014"]
[Site "Tromso"]
[Date "2014.08.09"]
[Round "7.16"]
[WhiteID "16500245"]
[White "Bacic Kristina"]
[BlackID "13800531"]
[Black "Shyngys Kyzy Aijarkyn"]
[Result "0-1"]
[LiveChessVersion "1.4.3"]
[BlackElo "1800"]
[WhiteElo "1801"]

1. d4 {[%clk 1:30:56]} d5 {[%clk 1:30:56]} 2. Nf3 {[%clk 1:31:15]} Nf6
{[%clk 1:31:20]} 3. g3 {[%clk 1:31:36]} Bf5 {[%clk 1:31:26]} 4. c4
{[%clk 1:30:17]} e6 {[%clk 1:29:58]} 5. Qb3 {[%clk 1:27:31]} Nc6 {[%clk 1:10:13]}
6. c5 {[%clk 0:50:44]} Be4 {[%clk 1:03:18]} 7. Bf4 {[%clk 0:27:37]} Bxf3
{[%clk 0:55:21]} 8. exf3 {[%clk 0:23:41]} Nxd4 {[%clk 0:55:21]} 9. Qxb7
{[%clk 0:19:27]} Rb8 {[%clk 0:39:33]} 10. Qxa7 {[%clk 0:19:19]} e5
{[%clk 0:36:26]} 11. Qa4+ {[%clk 0:14:03]} Qd7 {[%clk 0:33:45]} 12. c6
{[%clk 0:11:09]} Qxc6 {[%clk 0:33:15]} 13. Qxc6+ {[%clk 0:11:12]} Nxc6
{[%clk 0:33:43]} 14. Bc1 {[%clk 0:04:04]} Nd4 {[%clk 0:33:30]} 15. Bd3
{[%clk 0:04:33]} Nxf3+ {[%clk 0:33:46]} 16. Kf1 {[%clk 0:04:22]} Bc5
{[%clk 0:22:19]} 17. h3 {[%clk 0:04:45]} e4 {[%clk 0:17:28]} 18. Bc2
{[%clk 0:05:14]} d4 {[%clk 0:16:27]} 19. Kg2 {[%clk 0:05:43]} O-O
{[%clk 0:14:59]} 20. Bxe4 {[%clk 0:05:03]} Nh4+ {[%clk 0:14:24]} 21. gxh4
{[%clk 0:05:31]} Nxe4 {[%clk 0:14:48]} 22. Rd1 {[%clk 0:04:03]} Rb6
{[%clk 0:09:24]} 23. b4 {[%clk 0:03:00]} Rxb4 {[%clk 0:07:41]} 24. Ba3
{[%clk 0:03:05]} Ra4 {[%clk 0:07:36]} 25. Bxc5 {[%clk 0:02:58]} Nxc5
{[%clk 0:08:05]} 26. Nd2 {[%clk 0:02:32]} Rfa8 {[%clk 0:08:15]} 27. Rac1
{[%clk 0:02:09]} Ne6 {[%clk 0:08:33]} 28. Nf3 {[%clk 0:01:11]} c5
{[%clk 0:09:02]} 29. Ng5 {[%clk 0:01:34]} R8a5 {[%clk 0:07:15]} 30. Re1
{[%clk 0:01:23]} d3 {[%clk 0:05:20]} 31. Rb1 {[%clk 0:00:53]} Nf4+
{[%clk 0:03:12]} 32. Kf3 {[%clk 0:00:59]} Ra8 {[%clk 0:03:15]} 33. Re4
{[%clk 0:00:50]} Ng6 {[%clk 0:02:19]} 34. Rxa4 {[%clk 0:00:47]} Rxa4
{[%clk 0:02:48]} 35. Rb8+ {[%clk 0:00:41]} Nf8 {[%clk 0:03:17]} 36. Rd8
{[%clk 0:00:33]} h6 {[%clk 0:02:57]} 37. Ne4 {[%clk 0:00:51]} c4 {[%clk 0:02:40]}
38. Nc5 {[%clk 0:01:16]} Ra7 {[%clk 0:01:45]} 39. Ke3 {[%clk 0:01:45]} g6
{[%clk 0:01:50]} 40. Kd4 {[%clk 0:02:05]} Kg7 {[%clk 0:02:00]} 41. Kxc4
{[%clk 0:02:18]} Rxa2 {[%clk 0:02:20]} 42. Nxd3 {[%clk 0:01:45]} Ra4+
{[%clk 0:02:33]} 43. Nb4 {[%clk 0:00:52]} h5 {[%clk 0:02:18]} 44. Rd4
{[%clk 0:27:43]} Ne6 {[%clk 0:31:43]} 45. Re4 {[%clk 0:26:28]} Ra5
{[%clk 0:28:57]} 46. Nd3 {[%clk 0:22:44]} Ra3 {[%clk 0:22:45]} 47. f3
{[%clk 0:18:10]} Kf6 {[%clk 0:20:32]} 48. Ne5 {[%clk 0:08:32]} Ra4+
{[%clk 0:18:21]} 49. Kd5 {[%clk 0:09:01]} Nf4+ {[%clk 0:15:29]} 50. Kd6
{[%clk 0:09:30]} Ra6+ {[%clk 0:11:55]} 51. Kd7 {[%clk 0:08:06]} Nxh3
{[%clk 0:11:40]} 52. Ke8 {[%clk 0:07:22]} Re6+ {[%clk 0:11:55]} 53. Kf8
{[%clk 0:07:16]} Rxe5 {[%clk 0:12:10]} 54. Rxe5 {[%clk 0:07:33]} Kxe5
{[%clk 0:12:38]} 55. Kxf7 {[%clk 0:07:54]} Kf5 {[%clk 0:13:03]} 56. Kg7
{[%clk 0:08:10]} Ng1 {[%clk 0:13:24]} 57. f4 {[%clk 0:08:24]} Ne2
{[%clk 0:13:48]} 0-1

[Event "WCO2014"]
[Site "Tromso"]
[Date "2014.08.09"]
[Round "7.10"]
[WhiteID "2908689"]
[White "Nikolova Adriana"]
[BlackID "14104946"]
[Black "Morozova Iuliia"]
[Result "1-0"]
[LiveChessVersion "1.4.3"]
[BlackElo "2060"]
[WhiteElo "2325"]

1. e4 {[%clk 1:30:58]} c5 {[%clk 1:30:54]} 2. Nf3 {[%clk 1:31:19]} d6
{[%clk 1:31:08]} 3. d4 {[%clk 1:31:42]} cxd4 {[%clk 1:31:33]} 4. Qxd4
{[%clk 1:32:06]} Nc6 {[%clk 1:31:40]} 5. Bb5 {[%clk 1:32:24]} Qa5+
{[%clk 1:31:21]} 6. Nc3 {[%clk 1:32:33]} Qxb5 {[%clk 1:31:37]} 7. Nxb5
{[%clk 1:32:54]} Nxd4 {[%clk 1:32:02]} 8. Nfxd4 {[%clk 1:29:27]} Kd8
{[%clk 1:31:06]} 9. Be3 {[%clk 1:27:08]} Bd7 {[%clk 1:29:03]} 10. a4
{[%clk 1:24:17]} Nf6 {[%clk 1:25:23]} 11. f3 {[%clk 1:24:22]} a6 {[%clk 1:18:33]}
12. Nc3 {[%clk 1:24:26]} g6 {[%clk 1:16:27]} 13. O-O {[%clk 1:21:37]} h5
{[%clk 1:15:51]} 14. Nb3 {[%clk 1:15:40]} Bh6 {[%clk 1:12:28]} 15. Bd4
{[%clk 1:08:54]} e5 {[%clk 1:10:47]} 16. Bf2 {[%clk 1:09:06]} Ke7
{[%clk 1:09:55]} 17. Rfd1 {[%clk 1:07:37]} b5 {[%clk 1:08:21]} 18. Na5
{[%clk 0:54:24]} Rab8 {[%clk 0:55:57]} 19. axb5 {[%clk 0:51:54]} axb5
{[%clk 0:56:09]} 20. b4 {[%clk 0:50:04]} Rhc8 {[%clk 0:50:00]} 21. Rd3
{[%clk 0:49:41]} Ke6 {[%clk 0:42:39]} 22. Rad1 {[%clk 0:47:44]} Ne8
{[%clk 0:41:56]} 23. Ba7 {[%clk 0:42:02]} Ra8 {[%clk 0:38:35]} 24. Bf2
{[%clk 0:39:58]} Rab8 {[%clk 0:38:45]} 25. g3 {[%clk 0:35:02]} f6
{[%clk 0:32:34]} 26. Ba7 {[%clk 0:23:41]} Ra8 {[%clk 0:32:50]} 27. Be3
{[%clk 0:24:09]} Rab8 {[%clk 0:33:08]} 28. Bxh6 {[%clk 0:24:26]} 1-0

[Event "WCO2014"]
[Site "Tromso"]
[Date "2014.08.09"]
[Round "7.11"]
[WhiteID "207977"]
[White "Barbier Wiebke"]
[BlackID "2903229"]
[Black "Djingarova Emilia"]
[Result "1/2-1/2"]
[LiveChessVersion "1.4.3"]
[BlackElo "2303"]
[WhiteElo "1944"]

1. e4 {[%clk 1:30:57]} e5 {[%clk 1:30:43]} 2. Nf3 {[%clk 1:30:30]} Nc6
{[%clk 1:30:52]} 3. d3 {[%clk 1:30:57]} Nf6 {[%clk 1:30:35]} 4. Be2
{[%clk 1:31:21]} d5 {[%clk 1:29:00]} 5. Nbd2 {[%clk 1:31:44]} Bc5
{[%clk 1:28:22]} 6. O-O {[%clk 1:32:03]} O-O {[%clk 1:28:08]} 7. c3
{[%clk 1:32:28]} a5 {[%clk 1:28:33]} 8. Qc2 {[%clk 1:31:04]} Ba7 {[%clk 1:27:17]}
9. a4 {[%clk 1:30:24]} Re8 {[%clk 1:19:57]} 10. exd5 {[%clk 1:25:37]} Nxd5
{[%clk 1:20:09]} 11. Nc4 {[%clk 1:25:35]} Bf5 {[%clk 1:07:22]} 12. Bg5
{[%clk 1:18:20]} f6 {[%clk 1:05:24]} 13. Bd2 {[%clk 1:16:50]} Qd7
{[%clk 1:03:07]} 14. Rad1 {[%clk 1:14:14]} Qf7 {[%clk 0:58:00]} 15. Nh4
{[%clk 1:09:44]} Be6 {[%clk 0:57:17]} 16. Kh1 {[%clk 1:06:37]} g5
{[%clk 0:43:16]} 17. Nf3 {[%clk 0:59:43]} Nf4 {[%clk 0:38:00]} 18. Bxf4
{[%clk 0:45:03]} exf4 {[%clk 0:37:59]} 19. Nfd2 {[%clk 0:40:11]} Bd5
{[%clk 0:36:50]} 20. Bf3 {[%clk 0:34:38]} Bxf3 {[%clk 0:33:47]} 21. Nxf3
{[%clk 0:34:34]} g4 {[%clk 0:32:49]} 22. Ng1 {[%clk 0:33:26]} f3 {[%clk 0:25:21]}
23. gxf3 {[%clk 0:24:53]} gxf3 {[%clk 0:24:22]} 24. Ne3 {[%clk 0:20:50]} Bxe3
{[%clk 0:23:59]} 25. fxe3 {[%clk 0:20:58]} Rxe3 {[%clk 0:23:45]} 26. Rxf3
{[%clk 0:19:58]} Rxf3 {[%clk 0:23:10]} 27. Nxf3 {[%clk 0:20:22]} Kh8
{[%clk 0:23:31]} 28. Rg1 {[%clk 0:18:12]} Rg8 {[%clk 0:21:39]} 29. Rxg8+
{[%clk 0:14:42]} Qxg8 {[%clk 0:22:03]} 30. d4 {[%clk 0:14:39]} Qd5
{[%clk 0:15:32]} 31. Kg2 {[%clk 0:13:55]} Ne7 {[%clk 0:15:46]} 32. c4
{[%clk 0:10:49]} Qd7 {[%clk 0:14:44]} 33. Qe4 {[%clk 0:08:28]} Nf5
{[%clk 0:10:58]} 1/2-1/2

[Event "WCO2014"]
[Site "Tromso"]
[Date "2014.08.09"]
[Round "7.12"]
[WhiteID "2900602"]
[White "Voiska Margarita"]
[BlackID "205745"]
[Black "Dierckens Sarah"]
[Result "1-0"]
[LiveChessVersion "1.4.3"]
[BlackElo "1873"]
[WhiteElo "2279"]

1. Nf3 {[%clk 1:30:56]} e6 {[%clk 1:30:51]} 2. g3 {[%clk 1:30:43]} c5
{[%clk 1:30:13]} 3. c4 {[%clk 1:30:54]} Nf6 {[%clk 1:29:32]} 4. Bg2
{[%clk 1:31:01]} Nc6 {[%clk 1:29:19]} 5. O-O {[%clk 1:30:12]} d5 {[%clk 1:27:23]}
6. cxd5 {[%clk 1:29:18]} exd5 {[%clk 1:26:05]} 7. d4 {[%clk 1:29:22]} Bg4
{[%clk 1:19:52]} 8. Ne5 {[%clk 1:19:58]} Bf5 {[%clk 1:15:12]} 9. Nxc6
{[%clk 1:14:36]} bxc6 {[%clk 1:13:20]} 10. Nc3 {[%clk 1:13:49]} Rc8
{[%clk 1:09:36]} 11. Bg5 {[%clk 1:04:54]} h6 {[%clk 1:06:46]} 12. Bxf6
{[%clk 1:04:35]} Qxf6 {[%clk 1:06:23]} 13. Qa4 {[%clk 0:58:36]} Qxd4
{[%clk 0:57:11]} 14. Qxa7 {[%clk 0:57:58]} Bd6 {[%clk 0:53:37]} 15. e4
{[%clk 0:53:52]} Be6 {[%clk 0:45:54]} 16. exd5 {[%clk 0:53:18]} cxd5
{[%clk 0:45:56]} 17. Rad1 {[%clk 0:47:46]} Qb4 {[%clk 0:35:41]} 18. Nxd5
{[%clk 0:39:58]} Qb8 {[%clk 0:34:55]} 19. Qa4+ {[%clk 0:39:26]} Bd7
{[%clk 0:30:44]} 20. Rfe1+ {[%clk 0:38:55]} Kd8 {[%clk 0:29:01]} 21. Qa5+
{[%clk 0:37:28]} Bc7 {[%clk 0:29:03]} 22. Nxc7 {[%clk 0:34:47]} Qxc7
{[%clk 0:29:14]} 23. Bc6 {[%clk 0:33:36]} 1-0